Những bài toán tối ưu quản lý kinh doanh xây dựng
Đã lưu trong:
| 主要作者: | |
|---|---|
| 格式: | 图书 |
| 语言: | Undetermined |
| 出版: |
Thành phố Hồ Chí Minh
Đại học Quốc gia Thành phố Hồ Chí Minh
2005
|
| 主题: | |
| 标签: |
添加标签
没有标签, 成为第一个标记此记录!
|
| Thư viện lưu trữ: | Trung tâm Học liệu Trường Đại học Cần Thơ |
|---|
| LEADER | 00680nam a2200205Ia 4500 | ||
|---|---|---|---|
| 001 | CTU_101429 | ||
| 008 | 210402s9999 xx 000 0 und d | ||
| 020 | |c 14000 | ||
| 082 | |a 338.47624 | ||
| 082 | |b K304 | ||
| 100 | |a Lê, Văn Kiểm | ||
| 245 | 0 | |a Những bài toán tối ưu quản lý kinh doanh xây dựng | |
| 245 | 0 | |c Lê Văn Kiểm, Phạm Hồng Luân | |
| 260 | |a Thành phố Hồ Chí Minh | ||
| 260 | |b Đại học Quốc gia Thành phố Hồ Chí Minh | ||
| 260 | |c 2005 | ||
| 650 | |a Construction industry | ||
| 650 | |x Management,Costs | ||
| 904 | |i Minh | ||
| 980 | |a Trung tâm Học liệu Trường Đại học Cần Thơ | ||